Aplikovaná robotika /

Main Author: Jurišica, Ladislav, 1942-
Language: Slovak
Published: Bratislava : Slovenská vysoká škola technická, 1988
Edition: 1. vyd.
Physical Description: 163 s.
Book
Saved in:
LEADER 00622nam a22001932a 4500
001 000282043
003 CZ BrMZK
005 19980103143423.0
008 980103s1988 xo f slo d
040 |a BOA001  |b cze 
080 |a 007.52(075.8)  |2 MRF 
100 1 |a Jurišica, Ladislav,  |d 1942-  |7 mzk2003196553 
245 1 0 |a Aplikovaná robotika /  |c Ladislav Jurišica 
250 |a 1. vyd. 
260 |a Bratislava :  |b Slovenská vysoká škola technická,  |c 1988 
300 |a 163 s. 
910 |a BOA001  |b TK-A-0237.520 
990 |a BK 
996 7 |b 2629966396  |c TK-A-0237.520  |l MZK  |r Sklad / do 24 hodin  |n 13  |w 000282043  |u 000010  |a 1  |e BOA001  |j MZK50  |s A